书目信息 |
| 题名: |
亚洲人文图志
|
|
| 作者: | 瑟利耶 著 ;王瑞华 译 | |
| 分册: | ||
| 出版信息: | 北京 中国人民大学出版社 2008 |
|
| 页数: | 259页 | |
| 开本: | 25cm | |
| 丛书名: | ||
| 单 册: | ||
| 中图分类: | K308 | |
| 科图分类: | ||
| 主题词: | 民族历史--亚洲 | |
| 电子资源: | ||
| ISBN: | 978-7-300-07480-1 | |
| 000 | 01014nam0 2200277 450 | |
| 001 | 100428484771 | |
| 005 | 20110222150115.71 | |
| 010 | @a978-7-300-07480-1@dCNY68.00 | |
| 035 | @a003911530 | |
| 100 | @a20080917d2008 em y0chiy0110 ea | |
| 101 | 1 | @achi@cfre |
| 102 | @aCN@b110000 | |
| 105 | @aa z 000yy | |
| 106 | @ar | |
| 200 | 1 | @a亚洲人文图志@9ya zhou ren wen tu zhi@d= Atlas des peuples d'asie@f(法)让·瑟利耶(Jean Sellier)著@g王瑞华译@zfre |
| 210 | @a北京@c中国人民大学出版社@d2008 | |
| 215 | @a259页@c彩图@d25cm | |
| 300 | @a朗朗书房·人文图志馆 | |
| 330 | @a本书所介绍的人文地理知识涵盖了从印度到中国、日本,乃至东南亚整个地区。其主旨在于,对庞大的各民族历史作出简要而全面的梳理。对各民族的现状作一个清晰的介绍等。 | |
| 510 | 1 | @aAtlas des peuples d'asie@zfre |
| 606 | 0 | @a民族历史@y亚洲 |
| 690 | @aK308@v4 | |
| 701 | 1 | @a瑟利耶@9se li ye@c(Sellier, Jean)@4著 |
| 702 | 0 | @a王瑞华@9wang rui hua@c(法语)@4译 |
| 801 | 0 | @aCN@bNLC@c20110222 |
| 905 | @b205988010-056@h598801-05@dK308@e7@f5 | |
| 亚洲人文图志= Atlas des peuples d'asie/(法)让·瑟利耶(Jean Sellier)著/王瑞华译.-北京:中国人民大学出版社,2008 |
| 259页:彩图;25cm |
| 朗朗书房·人文图志馆 |
| ISBN 978-7-300-07480-1:CNY68.00 |
| 本书所介绍的人文地理知识涵盖了从印度到中国、日本,乃至东南亚整个地区。其主旨在于,对庞大的各民族历史作出简要而全面的梳理。对各民族的现状作一个清晰的介绍等。 |
| ● |
| 相关链接 |
|
|
|
|
正题名:亚洲人文图志
索取号:K308/7
 
预约/预借
| 序号 | 登录号 | 条形码 | 馆藏地/架位号 | 状态 | 备注 |
| 1 | 598801 | 205988010 | 第二样本阅览室/ [索取号:K308/7] | 在馆 | |
| 2 | 598802 | 205988029 | 第二借阅区/ [索取号:K308/7] | 在馆 | |
| 3 | 598803 | 205988038 | 第二借阅区/ [索取号:K308/7] | 在馆 | |
| 4 | 598804 | 205988047 | 第二借阅区/ [索取号:K308/7] | 在馆 | |
| 5 | 598805 | 205988056 | 第二借阅区/ [索取号:K308/7] | 在馆 |